|
|
|
|
| LEADER |
00000nam0a2200000 4500 |
| 001 |
341722 |
| 005 |
20231102005357.0 |
| 010 |
|
|
|a 9785941786060
|
| 035 |
|
|
|a (RuTPU)RU\TPU\book\369952
|
| 090 |
|
|
|a 341722
|
| 100 |
|
|
|a 20181019d2019 m y0rusy50 ca
|
| 101 |
0 |
|
|a rus
|
| 102 |
|
|
|a RU
|
| 105 |
|
|
|a a j 001zy
|
| 200 |
1 |
|
|a Основы технологии машиностроения. Оборудование и инструмент
|e учебник для вузов
|f М. А. Федоренко [и др.]
|
| 205 |
|
|
|a 2-е изд., стер.
|
| 210 |
|
|
|a Старый Оскол
|c ТНТ
|d 2019
|
| 215 |
|
|
|a 424 с.
|c ил.
|
| 300 |
|
|
|a Авт. указ на обороте тит. л.
|
| 320 |
|
|
|a Библиогр.: с. 420-422
|
| 330 |
|
|
|a Представлено описание методов и средств достижения качества изделий, принципов построения производственного процесса изготовления деталей, методов разработки технологического процесса. Изложены некоторые методы расчёта и анализа основных характеристик и оптимальных режимов работы, которые могут рассматриваться на практических занятиях или быть использованы при выполнении самостоятельных работ. В соответствии с программой курса "Основы технологии машиностроения" рассмотрены основные теоретические положения технологии машиностроения, их использование при проектировании технологических процессов изготовления машин, их задачи, закономерности и связи, которые проявляются в процессе проектирования и изготовления машин.
|
| 606 |
1 |
|
|a Технология машиностроения
|2 stltpush
|3 (RuTPU)RU\TPU\subj\60151
|9 77640
|
| 610 |
1 |
|
|a понятия
|
| 610 |
1 |
|
|a машиностроительные производства
|
| 610 |
1 |
|
|a типы
|
| 610 |
1 |
|
|a станочные операции
|
| 610 |
1 |
|
|a сборочные операции
|
| 610 |
1 |
|
|a техническое нормирование
|
| 610 |
1 |
|
|a машиностроение
|
| 610 |
1 |
|
|a точность
|
| 610 |
1 |
|
|a случайные погрешности
|
| 610 |
1 |
|
|a станки с ЧПУ
|
| 610 |
1 |
|
|a заготовки
|
| 610 |
1 |
|
|a обработка
|
| 610 |
1 |
|
|a размеры
|
| 610 |
1 |
|
|a распределение
|
| 610 |
1 |
|
|a базирование
|
| 610 |
1 |
|
|a размерные цепи
|
| 610 |
1 |
|
|a изделия
|
| 610 |
1 |
|
|a качество
|
| 610 |
1 |
|
|a машины
|
| 610 |
1 |
|
|a конструкции
|
| 610 |
1 |
|
|a качество
|
| 610 |
1 |
|
|a припуски
|
| 610 |
1 |
|
|a режимы резания
|
| 610 |
1 |
|
|a металлорежущие станки
|
| 610 |
1 |
|
|a инструменты
|
| 610 |
1 |
|
|a станочные приспособления
|
| 610 |
1 |
|
|a резьбонарезание
|
| 610 |
1 |
|
|a протягивание
|
| 610 |
1 |
|
|a шлифование
|
| 610 |
1 |
|
|a доводочные работы
|
| 610 |
1 |
|
|a накатывание
|
| 610 |
1 |
|
|a учебники
|
| 675 |
|
|
|a 621.002(075.8)
|v 4
|
| 701 |
|
1 |
|a Федоренко
|b М. А.
|g Михаил Алексеевич
|
| 701 |
|
1 |
|a Бондаренко
|b Ю. А.
|g Юлия Анатольевна
|
| 701 |
|
1 |
|a Дуюн
|b Т. А.
|g Татьяна Александровна
|
| 701 |
|
1 |
|a Санина
|b Т. М.
|g Тамара Михайловна
|
| 801 |
|
1 |
|a RU
|b 63413507
|c 20181019
|
| 801 |
|
2 |
|a RU
|b 63413507
|c 20190924
|g RCR
|
| 942 |
|
|
|c BK
|
| 959 |
|
|
|a 3/20180221
|d 1
|e 967,00
|f ЧЗТЛ:1
|